[Event "XtraCon-Skakligaen"]
[Site "Denmark"]
[Date "2014.01.11"]
[Round "4.3"]
[White "Baekgaard, Martin"]
[Black "Pedersen, Nicolai Vesterbaek"]
[Result "1-0"]
[WhiteElo "2301"]
[BlackElo "2397"]
[PlyCount "65"]
[EventDate "2013.11.02"]
[EventType "team-tourn"]
[EventRounds "9"]
[WhiteTeam "Nordre"]
[BlackTeam "Skanderborg"]
[WhiteTeamCountry "DEN"]
[BlackTeamCountry "DEN"]

1. d4 g6 2. e4 Bg7 3. Nc3 d6 4. Nge2 a6 5. a4 b6 6. g3 Bb7 7. Bg2 e6 8. Be3 Nd7
9. Qd2 e5 10. O-O Ngf6 11. h3 O-O 12. g4 b5 13. axb5 axb5 14. d5 Ba6 15. Na2
Nc5 16. f3 Bb7 17. Nb4 Qd7 18. Rfd1 h5 19. b3 hxg4 20. hxg4 Nh7 21. Ng3 Bf6 22.
Bf1 Kh8 23. Qh2 Kg8 24. Be2 Qe7 25. Kg2 Bg5 26. Bxg5 Nxg5 27. Qh6 Nd7 28. Bxb5
Qf6 29. Be2 Rfb8 30. Nc6 Re8 31. Rxa8 Bxa8 32. Ra1 Bb7 33. Ra7 1-0

[Event "XtraCon-Skakligaen"]
[Site "Denmark"]
[Date "2014.01.11"]
[Round "4.4"]
[White "Pedersen, Steffen"]
[Black "Petersen, Tom Petri"]
[Result "1-0"]
[WhiteElo "2425"]
[BlackElo "2323"]
[PlyCount "73"]
[EventDate "2013.11.02"]
[EventType "team-tourn"]
[EventRounds "9"]
[WhiteTeam "Skanderborg"]
[BlackTeam "Nordre"]
[WhiteTeamCountry "DEN"]
[BlackTeamCountry "DEN"]

1. d4 Nf6 2. c4 g6 3. f3 Bg7 4. e4 d6 5. Ne2 O-O 6. Be3 c5 7. d5 e6 8. Nec3 a6
9. a4 h5 10. Qd2 e5 11. a5 Bd7 12. b4 cxb4 13. Nd1 b3 14. Qb4 Bc8 15. Nd2 Ne8
16. Nc3 Kh7 17. c5 Bh6 18. Bxh6 Kxh6 19. Nc4 dxc5 20. Qxc5 Nd7 21. Qe3+ Qg5 22.
Qxg5+ Kxg5 23. Na4 Kf6 24. Rb1 Ke7 25. Rxb3 Nd6 26. Nxd6 Kxd6 27. Bd3 f5 28.
Ke2 fxe4 29. Bxe4 b5 30. axb6 Bb7 31. Rc1 Rac8 32. Rbc3 Rxc3 33. Rxc3 g5 34.
Nb2 Bxd5 35. b7 Nc5 36. Rxc5 Bxe4 37. Rc8 1-0

[Event "XtraCon-Skakligaen"]
[Site "Denmark"]
[Date "2014.01.11"]
[Round "4.5"]
[White "Hoiberg, Nina"]
[Black "Kjeldsen, Jens"]
[Result "0-1"]
[WhiteElo "2212"]
[BlackElo "2404"]
[PlyCount "56"]
[EventDate "2013.11.02"]
[EventType "team-tourn"]
[EventRounds "9"]
[WhiteTeam "Nordre"]
[BlackTeam "Skanderborg"]
[WhiteTeamCountry "DEN"]
[BlackTeamCountry "DEN"]

1. e4 c5 2. Nf3 e6 3. b4 cxb4 4. d4 Nf6 5. Bd3 d5 6. e5 Ne4 7. O-O Bd7 8. a3
Na6 9. Nfd2 Bc6 10. Qe2 Rc8 11. f4 g6 12. Kh1 Qb6 13. Nb3 Be7 14. Be3 Qd8 15.
g4 h5 16. f5 hxg4 17. Bxe4 dxe4 18. fxg6 fxg6 19. Qxg4 Bd5 20. Nc5 Nxc5 21.
dxc5 Rxc5 22. Rf2 Qc8 23. Nd2 Rxc2 24. axb4 Qc3 25. Rxa7 Qxe3 26. Ra8+ Kd7 27.
Re2 Rc1+ 28. Kg2 Rg1# 0-1

[Event "XtraCon-Skakligaen"]
[Site "Denmark"]
[Date "2014.01.11"]
[Round "4.6"]
[White "Boe, Mads"]
[Black "Christensen, Jan Schleicher"]
[Result "1/2-1/2"]
[WhiteElo "2364"]
[BlackElo "2218"]
[PlyCount "156"]
[EventDate "2013.11.02"]
[EventType "team-tourn"]
[EventRounds "9"]
[WhiteTeam "Skanderborg"]
[BlackTeam "Nordre"]
[WhiteTeamCountry "DEN"]
[BlackTeamCountry "DEN"]

1. Nf3 Nf6 2. d4 c5 3. c3 e6 4. Bf4 b6 5. e3 Bb7 6. Bd3 Be7 7. h3 O-O 8. O-O d6
9. Nbd2 cxd4 10. exd4 a6 11. Qe2 Nbd7 12. Rfe1 Re8 13. Bg3 Bf8 14. a4 e5 15.
dxe5 dxe5 16. Bc4 Nh5 17. Bh2 e4 18. Nd4 Qg5 19. Qg4 Qxd2 20. Qxd7 Re7 21. Qg4
Nf6 22. Qg3 e3 23. Re2 exf2+ 24. Rxf2 Re1+ 25. Rxe1 Qxe1+ 26. Rf1 Qxg3 27. Bxg3
Re8 28. Bh4 Be7 29. Nf5 Bc5+ 30. Kh2 Nd5 31. Bg3 Rd8 32. Rd1 a5 33. Bb3 g6 34.
Nh6+ Kg7 35. Ng4 Be7 36. Be5+ f6 37. Bd4 h5 38. Nf2 Bd6+ 39. Kg1 Re8 40. Bc4
Bg3 41. Nh1 Bc7 42. Bf2 Rd8 43. Re1 Rd7 44. Bd4 Re7 45. Rxe7+ Nxe7 46. Bf2 Nd5
47. Bb5 Kf7 48. Ng3 Nf4 49. Bf1 h4 50. Ne2 Nd3 51. b3 Nxf2 52. Kxf2 Bd5 53. Nd4
Be5 54. Ke3 f5 55. c4 Be4 56. Nf3 Bf6 57. Bd3 Bb7 58. Kf4 Ke6 59. Bc2 Bd8 60.
Bd1 Kf6 61. Ke3 g5 62. Ne1 Be7 63. Bf3 Bc8 64. Nd3 g4 65. Bd5 Kg5 66. Kd4 Bf6+
67. Ke3 Bc3 68. Bc6 Be6 69. Bd5 Bd7 70. hxg4 fxg4 71. c5 bxc5 72. Nxc5 Bf5 73.
Ne4+ Bxe4 74. Bxe4 Bb4 75. Kf2 Bc5+ 76. Kf1 Kf4 77. Bc6 Kg3 78. Bb7 Kf4 1/2-1/2

[Event "XtraCon-Skakligaen"]
[Site "Denmark"]
[Date "2014.01.11"]
[Round "4.7"]
[White "Klitgaard, Thomas"]
[Black "Andersen, Jackie"]
[Result "0-1"]
[WhiteElo "2182"]
[BlackElo "2356"]
[PlyCount "116"]
[EventDate "2013.11.02"]
[EventType "team-tourn"]
[EventRounds "9"]
[WhiteTeam "Nordre"]
[BlackTeam "Skanderborg"]
[WhiteTeamCountry "DEN"]
[BlackTeamCountry "DEN"]

1. d4 Nf6 2. Bg5 e6 3. e4 h6 4. Bxf6 Qxf6 5. c3 d6 6. Bd3 e5 7. Ne2 Nc6 8. O-O
Bd7 9. Bb5 a6 10. Ba4 g6 11. d5 Nb8 12. Bxd7+ Nxd7 13. Nd2 h5 14. b4 Bh6 15.
Nb3 O-O 16. c4 Qh4 17. Qd3 f5 18. exf5 gxf5 19. Qg3+ Qg4 20. h3 Qxg3 21. Nxg3
h4 22. Ne2 Kg7 23. f4 Kg6 24. c5 Nf6 25. Rad1 Rf7 26. Na5 Bxf4 27. Nxf4+ exf4
28. Nxb7 Rb8 29. c6 Kg5 30. Rfe1 Ne4 31. Rd3 Rg7 32. a4 Kf6 33. Re2 Ke5 34. Rb2
Rg3 35. Rbb3 Nf6 36. b5 axb5 37. axb5 Ra8 38. Rxg3 fxg3 39. Kf1 Ra1+ 40. Ke2
Nxd5 41. Rb2 Kd4 42. b6 Nxb6 43. Nxd6 Ke5 44. Nf7+ Kf6 45. Nd8 Nd5 46. Rd2 Nc3+
47. Kf3 Rf1+ 48. Ke3 Re1+ 49. Kf3 Ne4 50. Re2 Ng5+ 51. Ke3 f4+ 52. Kd2 Rxe2+
53. Kxe2 f3+ 54. gxf3 Nxh3 55. Kf1 Nf4 56. Nb7 h3 57. Nd6 g2+ 58. Kf2 h2 0-1

[Event "XtraCon-Skakligaen"]
[Site "Denmark"]
[Date "2014.01.11"]
[Round "4.8"]
[White "Seegert, Kristian"]
[Black "Holst, Per"]
[Result "1-0"]
[WhiteElo "2154"]
[BlackElo "2124"]
[PlyCount "157"]
[EventDate "2013.11.02"]
[EventType "team-tourn"]
[EventRounds "9"]
[WhiteTeam "Skanderborg"]
[BlackTeam "Nordre"]
[WhiteTeamCountry "DEN"]
[BlackTeamCountry "DEN"]

1. e4 e6 2. d4 d5 3. Nc3 Bb4 4. Nge2 dxe4 5. a3 Bxc3+ 6. Nxc3 Nc6 7. Bb5 Nge7
8. Bg5 f6 9. Be3 O-O 10. O-O Kh8 11. Nxe4 e5 12. dxe5 Nxe5 13. Bc5 Nd7 14. Bxd7
Bxd7 15. Re1 Rf7 16. Qh5 Ng6 17. Qd5 Be8 18. Qxb7 Rb8 19. Qxa7 Rxb2 20. Rab1
Rxb1 21. Rxb1 Rd7 22. Nc3 Rd2 23. Be3 Rd6 24. h3 Kg8 25. Ne4 Rd1+ 26. Rxd1
Qxd1+ 27. Kh2 Qxc2 28. Nc5 Qc3 29. Qxc7 Qe5+ 30. Qxe5 Nxe5 31. a4 Nc4 32. Bf4
Kf7 33. Bc7 Ke7 34. a5 Nd6 35. a6 Nb5 36. Bb8 Bc6 37. a7 g6 38. g4 Nd6 39. Na6
Ne4 40. Nc7 Kd7 41. f3 Ng5 42. a8=Q Bxa8 43. Nxa8 Kc8 44. Bf4 Nxf3+ 45. Kg3 Nd4
46. Nb6+ Kd8 47. Nd5 h5 48. Bc7+ Kd7 49. Bb6 hxg4 50. Kxg4 Nf5 51. Nxf6+ Ke6
52. Kg5 Kf7 53. Ng4 Ng3 54. Ne5+ Kg7 55. Nxg6 Ne4+ 56. Kf4 Nf6 57. Kf5 Ng8 58.
Ne5 Kh6 59. Bd8 Kh5 60. Nf3 Nh6+ 61. Kf4 Nf7 62. Bf6 Kg6 63. Be7 Kh5 64. Nd4
Kg6 65. Nf5 Nh8 66. Kg4 Nf7 67. Nh4+ Kg7 68. Kh5 Ne5 69. Bc5 Kh7 70. Bd4 Nd7
71. Nf3 Nf8 72. Ng5+ Kg8 73. Kh6 Nd7 74. h4 Nb8 75. h5 Nc6 76. Bf6 Nb8 77. Nh7
Nd7 78. Bg7 Kf7 79. Ng5+ 1-0

[Event "XtraCon-Skakligaen"]
[Site "Denmark"]
[Date "2014.01.11"]
[Round "4.1"]
[White "Schandorff, Lars"]
[Black "Kolbak, Jens"]
[Result "1/2-1/2"]
[WhiteElo "2522"]
[BlackElo "2271"]
[PlyCount "57"]
[EventDate "2013.11.02"]
[EventType "team-tourn"]
[EventRounds "9"]
[WhiteTeam "Hillerod"]
[BlackTeam "Norresundby"]
[WhiteTeamCountry "DEN"]
[BlackTeamCountry "DEN"]

1. d4 d5 2. c4 e6 3. Nc3 Nf6 4. cxd5 exd5 5. Bg5 Nbd7 6. e3 c6 7. Bd3 Be7 8.
Nf3 Ne4 9. Bxe7 Qxe7 10. Qc2 Ndf6 11. O-O O-O 12. Ne5 Nxc3 13. bxc3 c5 14. Rab1
c4 15. Be2 g6 16. Qb2 b6 17. a4 Bf5 18. Ra1 Qc7 19. Ra3 Rab8 20. Qb5 Qd6 21.
Rfa1 Rfc8 22. h3 Ne4 23. Bf3 Nf6 24. R3a2 h5 25. a5 Be6 26. Qa6 Rc7 27. Rb2 Bc8
28. Qb5 a6 29. Qb4 1/2-1/2

[Event "XtraCon-Skakligaen"]
[Site "Denmark"]
[Date "2014.01.11"]
[Round "4.2"]
[White "Sorensen, Bent"]
[Black "Borge, Nikolaj"]
[Result "0-1"]
[WhiteElo "2247"]
[BlackElo "2389"]
[PlyCount "90"]
[EventDate "2013.11.02"]
[EventType "team-tourn"]
[EventRounds "9"]
[WhiteTeam "Norresundby"]
[BlackTeam "Hillerod"]
[WhiteTeamCountry "DEN"]
[BlackTeamCountry "DEN"]

1. Nf3 c5 2. c4 Nc6 3. g3 g6 4. Bg2 Bg7 5. O-O d6 6. Nc3 Bf5 7. d3 Qd7 8. Nd5
Rc8 9. Rb1 Bh3 10. Bd2 Bxg2 11. Kxg2 e6 12. Bc3 f5 13. Bxg7 Qxg7 14. Nc3 Nge7
15. Nb5 Kd7 16. e3 g5 17. d4 g4 18. dxc5 gxf3+ 19. Qxf3 d5 20. Nd6 Ne5 21. Qd1
Rxc5 22. Nxb7 Rxc4 23. Na5 Rc7 24. Qd4 Rg8 25. Rbc1 Nc4 26. Rxc4 Rxc4 27. Qxg7
Rxg7 28. Nxc4 dxc4 29. Rc1 Nd5 30. Rxc4 Rg4 31. Rc2 Ra4 32. a3 Ra6 33. Kf3 Rb6
34. g4 Kd6 35. gxf5 exf5 36. Kg3 Ke5 37. Rd2 Nf6 38. f3 Nd5 39. Re2 Rb3 40. Kf2
a5 41. e4 Nf4 42. Rc2 fxe4 43. Rc5+ Kd4 44. Rxa5 Rxf3+ 45. Kg1 e3 0-1

[Event "XtraCon-Skakligaen"]
[Site "Denmark"]
[Date "2014.01.11"]
[Round "4.3"]
[White "Ostergaard, Jens"]
[Black "Andreasen, Per Naesby"]
[Result "1/2-1/2"]
[WhiteElo "2273"]
[BlackElo "2232"]
[PlyCount "62"]
[EventDate "2013.11.02"]
[EventType "team-tourn"]
[EventRounds "9"]
[WhiteTeam "Hillerod"]
[BlackTeam "Norresundby"]
[WhiteTeamCountry "DEN"]
[BlackTeamCountry "DEN"]

1. d4 g6 2. c4 Bg7 3. e4 d6 4. Nc3 e5 5. Nge2 Nc6 6. Be3 exd4 7. Nxd4 Nge7 8.
Be2 O-O 9. O-O f5 10. Qd2 Kh8 11. exf5 Nxf5 12. Nxf5 Bxf5 13. Rad1 Qe7 14. Nd5
Qf7 15. b4 Ne5 16. Bd4 Be6 17. f4 Ng4 18. Rde1 Bxd5 19. cxd5 Nf6 20. Bc4 c6 21.
Re6 Rae8 22. Bxf6 Bxf6 23. Rfe1 cxd5 24. Qxd5 Rxe6 25. Rxe6 Kg7 26. Rxd6 Qxd5
27. Rxd5 Rd8 28. Kf2 Rxd5 29. Bxd5 b5 30. Bc6 Bc3 31. Bxb5 Bxb4 1/2-1/2

[Event "XtraCon-Skakligaen"]
[Site "Denmark"]
[Date "2014.01.11"]
[Round "4.4"]
[White "Jorgensen, Jorgen"]
[Black "Jaksland, Tim"]
[Result "0-1"]
[WhiteElo "2257"]
[BlackElo "2260"]
[PlyCount "86"]
[EventDate "2013.11.02"]
[EventType "team-tourn"]
[EventRounds "9"]
[WhiteTeam "Norresundby"]
[BlackTeam "Hillerod"]
[WhiteTeamCountry "DEN"]
[BlackTeamCountry "DEN"]

1. d4 Nf6 2. c4 c5 3. Nf3 cxd4 4. Nxd4 e5 5. Nb5 d5 6. cxd5 Bc5 7. N5c3 O-O 8.
e3 e4 9. Be2 Qe7 10. a3 Rd8 11. b4 Bd6 12. Ra2 Bf5 13. Rd2 Nbd7 14. Nb5 Ne5 15.
Nxd6 Rxd6 16. Rd4 Rc8 17. Bb2 Nfg4 18. h3 Nf6 19. Nc3 a6 20. a4 Bg6 21. b5 Qc7
22. O-O Rcd8 23. Qd2 a5 24. Ba3 b6 25. Bxd6 Qxd6 26. f4 exf3 27. Bxf3 Rc8 28.
Bd1 Nfd7 29. Ne4 Bxe4 30. Rxe4 Nc5 31. Ref4 Rd8 32. Rd4 Re8 33. Bc2 Ned7 34.
Qf2 Qe7 35. Re1 Qe5 36. Qf4 g6 37. Qxe5 Rxe5 38. g4 Kg7 39. Kf2 h5 40. Kg3 hxg4
41. hxg4 Nf6 42. d6 Nfd7 43. Kf4 Ne6+ 0-1

[Event "XtraCon-Skakligaen"]
[Site "Denmark"]
[Date "2014.01.11"]
[Round "4.5"]
[White "Nordenbaek, Jan"]
[Black "Nielsen, John Bauneborg"]
[Result "1/2-1/2"]
[WhiteElo "2261"]
[BlackElo "2128"]
[PlyCount "81"]
[EventDate "2013.11.02"]
[EventType "team-tourn"]
[EventRounds "9"]
[WhiteTeam "Hillerod"]
[BlackTeam "Norresundby"]
[WhiteTeamCountry "DEN"]
[BlackTeamCountry "DEN"]

1. e4 c5 2. Nf3 Nc6 3. Bb5 e6 4. Bxc6 dxc6 5. b3 e5 6. h3 Be6 7. O-O f6 8. d3
Qd7 9. a4 Bd6 10. a5 Ne7 11. Nbd2 O-O 12. Nc4 Rfd8 13. Nxd6 Qxd6 14. Be3 Ng6
15. Re1 Nf8 16. Qd2 Bf7 17. Nh4 g6 18. f4 Ne6 19. fxe5 Qxe5 20. Nf3 Qd6 21. Ra4
b5 22. axb6 axb6 23. Rea1 Rxa4 24. Rxa4 b5 25. Ra7 g5 26. e5 fxe5 27. Bxg5 Re8
28. Be3 Nf4 29. Qf2 Qg6 30. Kh2 c4 31. Nxe5 Qxg2+ 32. Qxg2+ Nxg2 33. Bd4 Ne1
34. Nxc6 Nf3+ 35. Kg3 Nxd4 36. Nxd4 cxd3 37. cxd3 Rd8 38. Nf5 Bxb3 39. Rg7+ Kh8
40. Rb7 Be6 41. Rxb5 1/2-1/2

[Event "XtraCon-Skakligaen"]
[Site "Denmark"]
[Date "2014.01.11"]
[Round "4.6"]
[White "Pedersen, Svend"]
[Black "Percivaldi, Martin"]
[Result "0-1"]
[WhiteElo "2231"]
[BlackElo "2191"]
[PlyCount "62"]
[EventDate "2013.11.02"]
[EventType "team-tourn"]
[EventRounds "9"]
[WhiteTeam "Norresundby"]
[BlackTeam "Hillerod"]
[WhiteTeamCountry "DEN"]
[BlackTeamCountry "DEN"]

1. e4 e6 2. d3 d5 3. Nd2 c5 4. g3 Nc6 5. Bg2 g6 6. f4 Bg7 7. Nh3 Nge7 8. O-O
O-O 9. c3 b6 10. g4 a5 11. f5 gxf5 12. gxf5 exf5 13. exd5 Nxd5 14. Nc4 Be6 15.
Qh5 Rc8 16. Nf4 Nf6 17. Qh4 b5 18. Ne3 Ne5 19. Qg3 Ng6 20. h4 Qc7 21. Nc2 Qd7
22. Qf3 Nxh4 23. Qg3 Ng6 24. Be3 Nxf4 25. Bxf4 Nh5 26. Qh3 Nxf4 27. Rxf4 Rfd8
28. d4 cxd4 29. Nxd4 b4 30. Raf1 bxc3 31. bxc3 Rxc3 0-1

[Event "XtraCon-Skakligaen"]
[Site "Denmark"]
[Date "2014.01.11"]
[Round "4.7"]
[White "Pedersen, Martin Rosenkilde"]
[Black "Christiansen, Jens Jorgen"]
[Result "1-0"]
[WhiteElo "2176"]
[BlackElo "2129"]
[PlyCount "67"]
[EventDate "2013.11.02"]
[EventType "team-tourn"]
[EventRounds "9"]
[WhiteTeam "Hillerod"]
[BlackTeam "Norresundby"]
[WhiteTeamCountry "DEN"]
[BlackTeamCountry "DEN"]

1. e4 c6 2. c4 d5 3. cxd5 cxd5 4. exd5 Nf6 5. Nc3 Nxd5 6. Nf3 e6 7. Bc4 Nb6 8.
Bb3 Be7 9. O-O Nc6 10. d4 O-O 11. Re1 Bf6 12. Be3 Na5 13. Bc2 Nac4 14. Qd3 g6
15. Bh6 Bg7 16. Bxg7 Kxg7 17. Qe2 Bd7 18. b3 Na3 19. Be4 Bc6 20. Qb2 Bxe4 21.
Nxe4 Nb5 22. d5+ e5 23. a4 Nc7 24. d6 Ncd5 25. Qxe5+ f6 26. Qd4 a5 27. Nc5 Qxd6
28. Ne6+ Kf7 29. Nfg5+ Kg8 30. Nxf8 Rxf8 31. Ne4 Qf4 32. Rad1 Rc8 33. g3 Qf3
34. Rd3 1-0

[Event "XtraCon-Skakligaen"]
[Site "Denmark"]
[Date "2014.01.11"]
[Round "4.1"]
[White "Pedersen, Christian Kyndel"]
[Black "Skytte, Rasmus"]
[Result "1-0"]
[WhiteElo "2427"]
[BlackElo "2423"]
[PlyCount "167"]
[EventDate "2013.11.02"]
[EventType "team-tourn"]
[EventRounds "9"]
[WhiteTeam "Jetsmark"]
[BlackTeam "Aarhus/Skolerne"]
[WhiteTeamCountry "DEN"]
[BlackTeamCountry "DEN"]

1. d4 d5 2. c4 c6 3. Nf3 Nf6 4. Qc2 e6 5. g3 Nbd7 6. Bg2 Ne4 7. Nbd2 f5 8. O-O
Bd6 9. Nxe4 fxe4 10. Ng5 Qf6 11. Be3 h6 12. Nh3 Qf5 13. cxd5 cxd5 14. f3 exf3
15. Qxf5 exf5 16. Bxf3 Nf6 17. Nf4 Bxf4 18. Bxf4 O-O 19. Be5 Be6 20. Rac1 Nd7
21. Rc7 Nxe5 22. dxe5 Rf7 23. Rfc1 Rd8 24. Bh5 Rxc7 25. Rxc7 Rd7 26. Rxd7 Bxd7
27. Kf2 Kf8 28. Ke3 Ke7 29. Kd4 g5 30. Bf3 b6 31. Bxd5 Bb5 32. e3 Bd7 33. a3
Bc8 34. Bg2 Be6 35. Bf1 Bc8 36. Bc4 Bb7 37. Bg8 Bc8 38. Kd5 Bb7+ 39. Kd4 Bc8
40. Bd5 Bd7 41. b4 Bc8 42. e6 Kd6 43. e7 Bd7 44. Bg8 Be8 45. Bb3 Bd7 46. Bc4
Be8 47. Ba6 Kxe7 48. Ke5 Bd7 49. Bd3 Be8 50. Bb1 Bd7 51. Bc2 Be8 52. Bd3 Bh5
53. Bxf5 Bf7 54. e4 Bg8 55. Bc8 Bf7 56. Kf5 Be8 57. e5 Kd8 58. Be6 Ke7 59. Bd5
Bh5 60. e6 Kd6 61. Bc4 Ke7 62. a4 Bd1 63. a5 bxa5 64. bxa5 Bc2+ 65. Ke5 Ba4 66.
Kd5 Be8 67. Bb3 Bb5 68. Kc5 Be8 69. Bc4 Ba4 70. Ba2 Be8 71. Bb3 h5 72. h4 gxh4
73. gxh4 Bg6 74. Kc6 Bd3 75. Kb7 a6 76. Kc6 Bf5 77. Kb6 Bd3 78. Bd1 Bg6 79.
Kxa6 Kxe6 80. Kb6 Bd3 81. Bxh5 Kf5 82. Be8 Kg4 83. h5 Kg5 84. Bb5 1-0

[Event "XtraCon-Skakligaen"]
[Site "Denmark"]
[Date "2014.01.11"]
[Round "4.2"]
[White "Sorensen, Jan"]
[Black "Rasmussen, Allan Stig"]
[Result "0-1"]
[WhiteElo "2422"]
[BlackElo "2499"]
[PlyCount "64"]
[EventDate "2013.11.02"]
[EventType "team-tourn"]
[EventRounds "9"]
[WhiteTeam "Aarhus/Skolerne"]
[BlackTeam "Jetsmark"]
[WhiteTeamCountry "DEN"]
[BlackTeamCountry "DEN"]

1. e4 c6 2. d4 d5 3. e5 Bf5 4. Nf3 e6 5. a3 Nd7 6. Be2 h6 7. O-O Ne7 8. Nbd2 g5
9. Ne1 Bg7 10. Nd3 Qb6 11. Nb3 Qc7 12. f4 b6 13. fxg5 hxg5 14. Bxg5 c5 15. Nf4
cxd4 16. Bxe7 Bxe5 17. Bg5 Bxc2 18. Qd2 Bxb3 19. Rac1 Qd6 20. h3 Rg8 21. Nh5
Bc4 22. Rce1 Bxe2 23. Rxe2 d3 24. Ref2 f5 25. Kh1 Nc5 26. Bh4 Ne4 27. Qxd3
Nxf2+ 28. Rxf2 Rc8 29. Qe3 Rc4 30. Bf6 Re4 31. Qd2 Kf7 32. Bg5 Rxg5 0-1

[Event "XtraCon-Skakligaen"]
[Site "Denmark"]
[Date "2014.01.11"]
[Round "4.3"]
[White "Ochsner, Bjorn Moller"]
[Black "Christensen, Tobias"]
[Result "1/2-1/2"]
[WhiteElo "2296"]
[BlackElo "2355"]
[PlyCount "59"]
[EventDate "2013.11.02"]
[EventType "team-tourn"]
[EventRounds "9"]
[WhiteTeam "Jetsmark"]
[BlackTeam "Aarhus/Skolerne"]
[WhiteTeamCountry "DEN"]
[BlackTeamCountry "DEN"]

1. e4 c5 2. Nf3 d6 3. d4 cxd4 4. Nxd4 Nf6 5. f3 Nc6 6. c4 Nxd4 7. Qxd4 e6 8.
Nc3 Be7 9. Be3 O-O 10. Be2 b6 11. O-O d5 12. cxd5 exd5 13. Nxd5 Nxd5 14. Qxd5
Qxd5 15. exd5 Bf6 16. Bb5 Bxb2 17. Rad1 Be5 18. Bc6 Rb8 19. a4 Bd6 20. Rfe1 h6
21. Bd4 Bb7 22. Be5 Rfd8 23. Rc1 Bxe5 24. Rxe5 Rbc8 25. a5 bxa5 26. Re7 Rxd5
27. Rxb7 Rd6 28. Rxa7 Rdxc6 29. Rxc6 Rxc6 30. Rxa5 1/2-1/2

[Event "XtraCon-Skakligaen"]
[Site "Denmark"]
[Date "2014.01.11"]
[Round "4.4"]
[White "Pedersen, Finn"]
[Black "Jensen, Bjarke"]
[Result "0-1"]
[WhiteElo "2310"]
[BlackElo "2321"]
[PlyCount "78"]
[EventDate "2013.11.02"]
[EventType "team-tourn"]
[EventRounds "9"]
[WhiteTeam "Aarhus/Skolerne"]
[BlackTeam "Jetsmark"]
[WhiteTeamCountry "DEN"]
[BlackTeamCountry "DEN"]

1. c4 c6 2. g3 d5 3. cxd5 cxd5 4. Bg2 Nf6 5. d4 Nc6 6. Nc3 Bf5 7. a3 e6 8. Nf3
h6 9. O-O Be7 10. b4 O-O 11. Bb2 Ne8 12. Ne5 Nd6 13. Na4 Nxe5 14. dxe5 Nc4 15.
Bc3 Rc8 16. Qd4 f6 17. f4 fxe5 18. fxe5 Bg5 19. Rf4 Bxf4 20. gxf4 b6 21. Be1
Qe8 22. Nc3 Kh8 23. Kh1 Qh5 24. Bg3 Bh3 25. a4 Bxg2+ 26. Kxg2 g5 27. e3 Qg6 28.
Ra2 Nxe3+ 29. Qxe3 gxf4 30. Qd2 fxg3 31. hxg3 Rc4 32. Nd1 Rg8 33. Kf1 Kh7 34.
Ra3 Qf5+ 35. Nf2 Rc2 36. Qf4 Qxf4 37. gxf4 Rc4 38. Nd3 Rg3 39. a5 bxa5 0-1

[Event "XtraCon-Skakligaen"]
[Site "Denmark"]
[Date "2014.01.11"]
[Round "4.5"]
[White "Wiwe, Andreas"]
[Black "Rendboe, John Filip"]
[Result "1-0"]
[WhiteElo "2287"]
[BlackElo "2214"]
[PlyCount "89"]
[EventDate "2013.11.02"]
[EventType "team-tourn"]
[EventRounds "9"]
[WhiteTeam "Jetsmark"]
[BlackTeam "Aarhus/Skolerne"]
[WhiteTeamCountry "DEN"]
[BlackTeamCountry "DEN"]

1. e4 c5 2. Nf3 Nc6 3. d4 cxd4 4. Nxd4 e5 5. Nb5 d6 6. N1c3 a6 7. Na3 b5 8. Nd5
Nf6 9. Bg5 Be7 10. Bxf6 Bxf6 11. c3 Rb8 12. Nc2 Bg5 13. a4 O-O 14. axb5 axb5
15. Bd3 Be6 16. Ncb4 Nxb4 17. Nxb4 Qd7 18. O-O g6 19. Qe2 f5 20. Ra5 fxe4 21.
Bxb5 Qf7 22. Bc6 e3 23. f3 Bc4 24. Qxc4 Qxc4 25. Bd5+ Qxd5 26. Rxd5 e2 27. Re1
Be3+ 28. Kh1 e4 29. Rxe2 exf3 30. gxf3 Rxf3 31. Kg2 Rbf8 32. Nd3 Bh6 33. Rxd6
R3f5 34. h4 Bg7 35. Re4 g5 36. h5 h6 37. c4 Bxb2 38. Rxh6 Bf6 39. Rg6+ Kf7 40.
Kg3 Rd8 41. Kg4 Ra5 42. Nb4 Rd1 43. Nd5 Rg1+ 44. Kf3 Bg7 45. Re7+ 1-0

[Event "XtraCon-Skakligaen"]
[Site "Denmark"]
[Date "2014.01.11"]
[Round "4.6"]
[White "Ochsner, Thomas"]
[Black "Christensen, Stefan"]
[Result "1-0"]
[WhiteElo "2314"]
[BlackElo "2278"]
[PlyCount "95"]
[EventDate "2013.11.02"]
[EventType "team-tourn"]
[EventRounds "9"]
[WhiteTeam "Aarhus/Skolerne"]
[BlackTeam "Jetsmark"]
[WhiteTeamCountry "DEN"]
[BlackTeamCountry "DEN"]

1. e4 e6 2. d4 d5 3. Nd2 c5 4. exd5 exd5 5. Ngf3 Nc6 6. Bb5 Bd6 7. O-O Nge7 8.
dxc5 Bxc5 9. Nb3 Bb6 10. Re1 O-O 11. Be3 Bc7 12. Bc5 Bd6 13. Bxc6 bxc6 14. Qe2
Ng6 15. Nfd4 Bxc5 16. Nxc5 Qb6 17. Ndb3 Qc7 18. Rad1 Rb8 19. Rd4 Rb5 20. Qe3
Qb6 21. Ra4 Rb4 22. Qc3 Rxa4 23. Nxa4 Qb5 24. Nac5 Qb8 25. Nd3 Bd7 26. Ndc5 Bc8
27. Nd4 Qc7 28. Nd3 Bd7 29. Qc5 Rc8 30. b4 h6 31. a4 Qb8 32. Re3 Qc7 33. c3 Qb8
34. a5 Qc7 35. h3 Qb8 36. Nf3 Qc7 37. Qd4 Re8 38. Nde5 Nxe5 39. Nxe5 f6 40.
Nxd7 Qxd7 41. Rxe8+ Qxe8 42. Qxa7 Qe1+ 43. Kh2 Qe5+ 44. g3 Qxc3 45. Qc5 d4 46.
a6 Qa3 47. a7 d3 48. Qa5 1-0

[Event "XtraCon-Skakligaen"]
[Site "Denmark"]
[Date "2014.01.11"]
[Round "4.7"]
[White "Helledie, Anders"]
[Black "Hagen, Kresten Skytte"]
[Result "1/2-1/2"]
[WhiteElo "2237"]
[BlackElo "2166"]
[PlyCount "89"]
[EventDate "2013.11.02"]
[EventType "team-tourn"]
[EventRounds "9"]
[WhiteTeam "Jetsmark"]
[BlackTeam "Aarhus/Skolerne"]
[WhiteTeamCountry "DEN"]
[BlackTeamCountry "DEN"]

1. e4 e5 2. Bc4 Nf6 3. d3 Nc6 4. Nc3 Na5 5. Qf3 Be7 6. Nge2 d6 7. h3 c6 8. Ng3
O-O 9. O-O Nxc4 10. dxc4 Be6 11. b3 Qd7 12. Be3 Rfd8 13. Rad1 b6 14. Rd3 Ne8
15. Rfd1 Qb7 16. Nf5 Bf8 17. Bc1 Rd7 18. Ba3 Rad8 19. Ne3 Qa6 20. Bb2 Qb7 21.
Qg3 Nc7 22. Ne2 Na6 23. Ba3 f6 24. f4 b5 25. cxb5 Qxb5 26. f5 Bf7 27. c4 Qa5
28. Nc2 d5 29. Bxf8 Kxf8 30. R3d2 Qc7 31. exd5 cxd5 32. cxd5 Rxd5 33. Rxd5 Rxd5
34. Rxd5 Bxd5 35. Qd3 Bb7 36. Ne3 Nb4 37. Qd2 Qb6 38. Kh2 Ke7 39. a3 Na6 40. b4
Qc6 41. Nc3 Nc7 42. Qd3 Ba6 43. Qd2 Bb7 44. Qd3 Ba6 45. Qd2 1/2-1/2

[Event "XtraCon-Skakligaen"]
[Site "Denmark"]
[Date "2014.01.11"]
[Round "4.8"]
[White "Jensen, Jacob Bjerre"]
[Black "Rathlev, Jakob"]
[Result "1/2-1/2"]
[WhiteElo "2156"]
[BlackElo "2250"]
[PlyCount "70"]
[EventDate "2013.11.02"]
[EventType "team-tourn"]
[EventRounds "9"]
[WhiteTeam "Aarhus/Skolerne"]
[BlackTeam "Jetsmark"]
[WhiteTeamCountry "DEN"]
[BlackTeamCountry "DEN"]

1. d4 e6 2. Nf3 f5 3. c4 Nf6 4. Nc3 Bb4 5. Qb3 Qe7 6. g3 b6 7. Bg2 Bb7 8. O-O
Bxc3 9. bxc3 O-O 10. Ba3 d6 11. c5 Nc6 12. Ng5 Rfe8 13. cxd6 cxd6 14. Qxe6+
Qxe6 15. Nxe6 Rxe6 16. d5 Rxe2 17. dxc6 Ba6 18. Bxd6 Rc8 19. Rfd1 Rc2 20. Be5
Ng4 21. Bd5+ Kh8 22. Bd4 Nf6 23. Bxf6 gxf6 24. Rac1 Rxc1 25. Rxc1 Bb5 26. Be6
Rxc6 27. Bxf5 Bc4 28. Rd1 Rc7 29. a3 Bb5 30. Rd8+ Kg7 31. Rc8 Re7 32. c4 Ba6
33. Rd8 Bxc4 34. Rd7 Rxd7 35. Bxd7 b5 1/2-1/2